000 00363nam a22001577a 4500
005 20170330120420.0
008 170330b xxu||||| |||| 00| 0 eng d
020 _a81-219-0263-0
041 _aeng
100 _aPRAKSH,SATYA
_93737
245 _aADVANCED INORGANIC CHEMISTRY
260 _bS CHAND
300 _a1391
650 _aENGINEERING
_93738
942 _cBK
999 _c5361
_d5359